Zodiac Signs by Date - Statistics

General Stats
  • This quiz has been taken 72 times
  • The average score is 10 of 12
Answer Stats
Hint Answer % Correct
Dec 22 - Jan 19 Capricorn
91%
Jul 23 - Aug 22 Leo
89%
Nov 22 - Dec 21 Sagittarius
89%
Apr 20 - May 20 Taurus
89%
Jun 21 - Jul 22 Cancer
87%
Mar 21 - Apr 19 Aries
85%
Oct 23 - Nov 21 Scorpio
85%
Jan 20 - Feb 18 Aquarius
81%
May 21 - Jun 20 Gemini
81%
Aug 23 - Sep 22 Virgo
81%
Sep 23 - Oct 22 Libra
78%
Feb 19 - March 20 Pisces
76%
No matching quizzes found
Score Distribution
Percent of People with Each Score
Percentile by Number Answered
Your Score History
You have not taken this quiz